Ghana... or Guinea? - Statistics

General Stats
  • This quiz has been taken 78 times
    63 since last reset
  • The average score is 10 of 15
Answer Stats
Question Answer % Correct
Is more populated? Ghana
100%
Used to be known as the 'Gold Coast' due to the amounts of gold found in local rivers? Ghana
100%
Was a colony of France from 1891 to 1958? Guinea
100%
Is in West Africa? Both
83%
Has one of the world's largest artificial lakes? Ghana
83%
With another country with the same name? Guinea
83%
Its flag contains the colors red, yellow, and green? Both
67%
Is chosen more in the 'Countries of the World Quiz'? Ghana
67%
Has a larger GDP? Ghana
67%
Has a taller mountain? Ghana
67%
Is further north? Guinea
67%
Is landlocked? Neither
67%
Is larger? Guinea
33%
With 1/3 of the country protected for wildlife and nature? Guinea
33%
Has a space program? Ghana
17%
No matching quizzes found
Score Distribution
Percent of People with Each Score
Percentile by Number Answered
Your Score History
You have not taken this quiz since the last reset